000 00341nam a22001217a 4500
008 180521b xxu||||| |||| 00| 0 eng d
041 _aeng
080 _a043.3
100 _a0
101 _aMBE-MTH
245 _aNdikimi i kompetencave dhe shkathtësive menaxheriale në përcaktimin e sjelljes organizative
_cLushta, G. G
942 _2udc
_cBK
999 _c46111
_d46111